Statistics for Irregular verbs I - Spanish

Click here to take the quiz!

General Stats

  • This quiz has been taken 7 times
  • The average score is 19 of 35

Answer Stats

HintAnswer% Correct
to goir
100%
to playjugar
83%
to movemover
83%
to flyvolar
83%
to approveaprobar
67%
to count / to tellcontar
67%
to costcostar
67%
to chooseelegir
67%
to fryfreir
67%
to rainllover
67%
to diemorir
67%
to smelloler
67%
to ask forpedir
67%
to rememberrecordar
67%
to laughreir
67%
to repeatrepetir
67%
to serveservir
67%
to dreamsoñar
67%
to demonstratedemonstrar
50%
to hurtdoler
50%
to bitemorder
50%
to showmostrar
50%
to canpoder
50%
to continueseguir
50%
to wearvestir
50%
to returnvolver
50%
to go to bedacostarse
33%
to getconseguir
33%
to dismissdespedir
33%
to wrapenvolver
33%
to tryprobar
33%
to usually dosoler
33%
to findencontar
17%
to agreeacordan
0%
to checkcostobar
0%

Score Distribution

Percentile by Number Answered

Percent of People with Each Score

Your Score History

You have not taken this quiz